000
00281nam a2200121 a 4500
005
20140414131935.0
008
110119s19uu xx 00 eng d
050
_a
REF 591.45
_b
B35 2006
245
_a
Beach.
260
_b
Ticktock.
440
_a
What can eye see?
999
_c
112431
_d
112431